000 00921nam a2200241 4500
001 114109
003 DR-UNIBE
005 20251104114553.0
008 250930b |||||||| |||| 00| 0 spa d
040 _aBIBLIOTECA UNIBE
_cBIBLIOTECA UNIBE
_erda
041 _aspa
082 _aRD 001.4 C749p
111 2 _aCongreso Internacional de Investigación Científica (20º : 2025 : Santo Domingo, República Dominicana)
_9199411
245 _aPrograma y libro de resúmenes :
_b16, 17 y 18 de julio de 2025
260 _a[Santo Domingo] :
_bMinisterio de Educación Superior, Ciencia y Tecnología,
_c2025
300 _a166 páginas
650 _aInvestigación
_xPublicaciones
_2lemb
_9200515
650 _aInvestigación científica
_2lemb
650 _aPublicaciones científicas
_2lemb
_9200516
653 0 0 _aPublicaciones indexadas
700 _aRodríguez Peña, Carlos Manuel
_eeditor
_9145242
942 _2ddc
_cBK
999 _c114109
_d114109